Mechanical metallurgy (Record no. 25704)

000 -LEADER
fixed length control field 00503nam a22001937a 4500
001 - CONTROL NUMBER
control field 25704
003 - CONTROL NUMBER IDENTIFIER
control field BD-DhUET
008 - FIXED-LENGTH DATA ELEMENTS--GENERAL INFORMATION
fixed length control field 150516b xxu||||| |||| 00| 0 eng d
040 ## - CATALOGING SOURCE
Transcribing agency 0
Modifying agency BD-DhUET
082 ## - DEWEY DECIMAL CLASSIFICATION NUMBER
Classification number 669.94
Item number DIE/1961
100 ## - MAIN ENTRY--PERSONAL NAME
Personal name Dieter, E. George
245 ## - TITLE STATEMENT
Title Mechanical metallurgy
250 ## - EDITION STATEMENT
Edition statement 1st ed.
260 ## - PUBLICATION, DISTRIBUTION, ETC. (IMPRINT)
Place of publication, distribution, etc. London
Name of publisher, distributor, etc. McGraw-Hill
Date of publication, distribution, etc. 1961
300 ## - PHYSICAL DESCRIPTION
Extent xix, 615p.
Other physical details ill
490 ## - SERIES STATEMENT
Series statement Metallurgy and metallurgical engineering series
650 #0 - SUBJECT ADDED ENTRY--TOPICAL TERM
Topical term or geographic name as entry element Strength of materials
942 ## - ADDED ENTRY ELEMENTS (KOHA)
Koha item type General Book
Holdings
Source of classification or shelving scheme Shelving location Koha normalized classification for sorting Copy number Koha item type Lost status Date acquired Damaged status Koha date last seen Koha full call number Withdrawn status Koha out on loan Location (home branch) Price effective from Koha issues (times borrowed) Not for loan Koha date last borrowed Piece designation (barcode) Sublocation or collection (holding branch)
 Circulation section669_940000000000000_DIE_19611General Book 2015-05-16 2015-05-16669.94/DIE/1961  Central Library, BUET2015-05-16   7380Central Library, BUET
 Circulation section669_940000000000000_DIE_19612General Book 2015-05-16 2015-05-16669.94/DIE/1961  Central Library, BUET2015-05-16   20408Central Library, BUET
 Circulation section669_940000000000000_DIE_19613General Book 2015-05-16 2015-05-16669.94/DIE/1961  Central Library, BUET2015-05-16   11400Central Library, BUET
 Circulation section669_940000000000000_DIE_19614General Book 2015-05-16 2015-05-16669.94/DIE/1961  Central Library, BUET2015-05-16   31952Central Library, BUET
 Circulation section669_940000000000000_DIE_19615General Book 2015-05-19 2015-05-19669.94/DIE/1961  Central Library, BUET2015-05-19   31933Central Library, BUET
 Circulation section669_940000000000000_DIE_19616General Book 2015-05-20 2024-05-26669.94/DIE/1961  Central Library, BUET2015-05-202 2024-03-0454704Central Library, BUET
 Circulation section669_940000000000000_DIE_19617General Book 2015-05-21 2015-05-21669.94/DIE/1961  Central Library, BUET2015-05-21   24464Central Library, BUET
 Circulation section669_940000000000000_DIE_19618General Book 2015-05-21 2018-10-06669.94/DIE/1961  Central Library, BUET2015-05-211 2018-08-0820407Central Library, BUET
 Circulation section669_940000000000000_DIE_19619General Book 2015-05-23 2017-03-11669.94/DIE/1961  Central Library, BUET2015-05-23   31936Central Library, BUET
 Circulation section669_940000000000000_DIE_196110General Book 2015-05-23 2025-04-30669.94/DIE/1961 2025-05-14Central Library, BUET2015-05-231 2025-04-3031935Central Library, BUET
 Reading section669_940000000000000_DIE_196111General Book 2015-06-17 2015-06-17669.94/DIE/1961  Central Library, BUET2015-06-17   24463Central Library, BUET
 Reading section669_940000000000000_DIE_196112Reading Item 2015-06-27 2015-06-27669.94/DIE/1961  Central Library, BUET2015-06-27   36043Central Library, BUET